000 00970nam a2200193 a 4500
001 001163326
003 AM-YeHGA
005 20250617152507.0
008 160712s1994 ru r 000 0 rus d
040 _aAM-YeHGA
041 0 _arus
245 0 0 _aМетодология и методика археологических реконструкций :
_bСборник научных трудов /
_cРАН; Ин-т археологии и этнографии; Отв. ркд. А.П. Деревянко.
260 _aНовосибирск :
_bБ. и.,
_c1994.
300 _a148 с. :
_bил.
653 0 _aАрхеологические реконструкции - Использование математических методов
700 1 _aДеревянко, А.П.
_eред.
_4edt
710 2 _aИнститут археологии Ин-т археологии и этнографии Российской академии наук
090 _c373664
999 _c371785
_d371785